00844nam a2200181 i 450000100060000000300090000600500170001500700030003200800410003510000190007624502470009526000740034230000270041649000900044370000180053383000900055185200210064137816ES-MaACL20230906155640.0t|030221s1911 fr ||||1| fre d1 aBuzzati, G.-C.13aLe droit international privé, d'aprés les conventions de La Haye. I. Le mariage, d'après les conventions du 12 de juin 1902 / cG.-C. Buzzati ; traduction française du texte italien revisé et corrigé par l'auteur, par Francis Rey. aParis : bL. Larose et L. Tenin, c1911 (eMayenne : fCharles Colin) aXIV, 507 p. ; c23 cm.1 aBibliothèque étrangère de droit privé / sous la direction de A. de Lapradelle1 aRey, Francis.0 aBibliothèque étrangère de droit privé / sous la direction de A. de Lapradelle aES-MaACLjF-9218